Can you name the rock artist/band based on their popular song? - Statistics

General Stats
  • This quiz has been taken 30 times
  • The average score is 16 of 45
Answer Stats
Hint Answer % Correct
Iron Man Black Sabbath
85%
Money for Nothing Dire Straits
85%
Hot for Teacher Van Halen
70%
Detroit Rock City KISS
67%
For Whom The Bells Tolls Metallica
67%
If Darkness Had a Son Metallica
67%
Fortunate Son Creedence Clearwater Revival
63%
The Show Must Go On Queen
63%
Start Me Up The Rolling Stones
63%
We're Not Gonna Take It Twisted Sister
63%
Barracuda Heart
59%
Breaking the Law Judas Priest
52%
Bat Out of Hell Meatloaf
52%
Poison Alice Cooper
48%
The Chain Fleetwood Mac
48%
Beds are Burning Midnight Oil
48%
Black Betty Ram Jam
44%
Waisted Years Iron Maiden
41%
The Passenger Iggy Pop
37%
Live Wire Mötley Crüe
33%
Inbetween Days The Cure
33%
Legs ZZ Top
33%
I Don't Like Mondays Boomtown Rats
30%
Keine Lust Rammstein
30%
The Spirit Of Radio Rush
30%
Long Road To Ruin Foo Fighters
26%
Jesus He Knows Me Genesis
26%
I Believe in a Thing Called Love The Darkness
26%
Psychosocial Slipknot
22%
Epic Faith No More
19%
Pet Sematary Ramones
19%
Children of the Revolution T-Rex
19%
Time is Running Out Muse
15%
Fire Woman The Cult
15%
Gold on the Ceiling The Black Keys
11%
No More Heros The Stranglers
11%
Square Hammer Ghost
7%
Been Away Too Long Soundgarden
7%
Bubbles Biffy Clyro
4%
Hayloft II Mother Mother
4%
Animals Nickleback
4%
Rocks Primal Scream
4%
Little Sister Queens of the Stone Age
4%
Just a Day Feeder
0%
Monster The Automatic
0%
No matching quizzes found
Score Distribution
Percent of People with Each Score
Percentile by Number Answered
Your Score History
You have not taken this quiz